000
00291nam a22001337a 4500
008
171102b xxu||||| |||| 00| 0 eng d
020
_a
2900750679038
041
_a
eng
080
_a
339.138
100
_a
60
101
_a
MAR
245
_a
HISPANIC MARKETING
_c
FELIPE.K
942
_2
udc
_c
BK
999
_c
37301
_d
37301